[Event "Backa Topola-ch"]
[Site "Backa Topola"]
[Date "2019.12.02"]
[Round "4"]
[White "Pajzer, Istvan"]
[Black "Kovacic, Vlastimir"]
[Result "0-1"]
[WhiteElo "2033"]
[BlackElo "2135"]
[PlyCount "156"]
[EventDate "2019.11.25"]
[EventType "swiss"]
[EventRounds "9"]
[EventCountry "SRB"]
[SourceTitle "CBM 193 Extra"]
[Source "ChessBase"]
[SourceDate "2020.01.31"]
[SourceVersion "1"]
[SourceVersionDate "2020.01.31"]
[SourceQuality "1"]

1. e4 c5 2. Nf3 Nc6 3. Bb5 g6 4. 0-0 Bg7 5. c3 e5 6. d4 cxd4 7. cxd4 Nxd4 8. Nxd4 exd4 9. Nd2 a6 10. Bc4 Ne7 11. Nb3 Nc6 12. f4 0-0 13. Bd5 Qb6 14. Kh1 Nb4 15. Bc4 d5 16. exd5 Bf5 17. Bd2 Nc2 18. Rc1 Ne3 19. Bxe3 dxe3 20. Bd3 Bxb2 21. Rc2 Bxd3 22. Qxd3 Ba3 23. f5 Rac8 24. Re2 Rfe8 25. fxg6 hxg6 26. Nd4 Rc1 27. Rxc1 Bxc1 28. h3 Bb2 29. Nc2 Bc1 30. Nd4 Qd6 31. Nb3 Ba3 32. Nd2 Qe7 33. Nc4 Bc5 34. d6 Qe6 35. d7 Rd8 36. Nxe3 Rxd7 37. Qc2 Qd6 38. Ng4 Qd4 39. Re1 Kg7 40. Rf1 Be7 41. Qb3 Bd8 42. Qc2 b5 43. Qc6 Qd6 44. Qc1 Bc7 45. Qh6+ Kg8 46. Qg5 Bd8 47. Qc1 f5 48. Nh2 Bc7 49. Nf3 Re7 50. Rd1 Qf6 51. Qd2 Kg7 52. Qd5 b4 53. Qa8 a5 54. Qc8 Qc3 55. Rd7 Qa1+ 56. Ng1 Qe5 57. Rxe7+ Qxe7 58. Qb7 Qd6 59. Nf3 Kf6 60. Qb5 Bb6 61. Qe2 a4 62. Qb2+ Kf7 63. Qc2 Qc5 64. Qd1 Kf6 65. h4 a3 66. Qd2 Bc7 67. Qg5+ Kf7 68. h5 Qd6 69. hxg6+ Qxg6 70. Qh4 Qd6 71. Qh7+ Ke8 72. Qg8+ Kd7 73. Qf7+ Kc6 74. Qe8+ Kb6 75. Qe3+ Kb7 76. Qe1 b3 77. axb3 a2 78. g3 Qxg3 0-1

[Event "Backa Topola-ch"]
[Site "Backa Topola"]
[Date "2019.11.29"]
[Round "3"]
[White "Kovacic, Vlastimir"]
[Black "Nadj Hedjesi, Balind"]
[Result "0-1"]
[WhiteElo "2135"]
[BlackElo "2288"]
[PlyCount "120"]
[EventDate "2019.11.25"]
[EventType "swiss"]
[EventRounds "9"]
[EventCountry "SRB"]
[SourceTitle "CBM 193 Extra"]
[Source "ChessBase"]
[SourceDate "2020.01.31"]
[SourceVersion "1"]
[SourceVersionDate "2020.01.31"]
[SourceQuality "1"]

1. e4 d6 2. d4 a6 3. Nc3 b5 4. Be3 Nf6 5. f3 Nbd7 6. Qd2 e5 7. d5 Be7 8. g4 Nb6 9. Bd3 Nfd7 10. g5 Nc5 11. h4 Nxd3+ 12. cxd3 0-0 13. h5 f5 14. g6 Bh4+ 15. Bf2 Bxf2+ 16. Qxf2 h6 17. 0-0-0 Rb8 18. Kb1 b4 19. Nce2 a5 20. Nc1 Bd7 21. Qe2 Ba4 22. Re1 c6 23. dxc6 Bxc6 24. Nh3 Qf6 25. Ref1 d5 26. Nf2 Bb5 27. exf5 Qxf5 28. Ng4 Nd7 29. Qe3 Qf4 30. Re1 Rbe8 31. Rh3 a4 32. Nf2 Qxe3 33. Rxe3 Nc5 34. Kc2 b3+ 35. axb3 axb3+ 36. Kd2 Bd7 37. Ng4 e4 38. dxe4 dxe4 39. Rg3 exf3 40. Rxe8 Rxe8 41. Nf2 Bc6 42. Rg4 Ne4+ 43. Nxe4 Bxe4 44. Rf4 Bd5 45. Rf5 Be6 46. Rf4 Rf8 47. Nd3 Rxf4 48. Nxf4 Bg4 49. Ke3 Kf8 50. Kf2 Ke7 51. Kg3 Kd6 52. Nd3 Bxh5 53. Nc1 Bxg6 54. Nxb3 Be4 55. Nd2 Bd5 56. Nf1 Ke5 57. Ne3 Ke4 58. Ng4 Kd3 59. Ne5+ Ke2 60. Ng4 h5 0-1

[Event "Novi Becej op 25th"]
[Site "Novi Becej"]
[Date "2007.06.12"]
[Round "4"]
[White "Kovacic, Vlastimir"]
[Black "Curic, Tijana"]
[Result "1-0"]
[WhiteElo "2099"]
[BlackElo "1435"]
[PlyCount "49"]
[EventDate "2007.06.09"]
[EventType "swiss"]
[EventRounds "9"]
[EventCountry "YUG"]
[SourceTitle "CBM 118 Extra"]
[Source "ChessBase"]
[SourceDate "2007.07.04"]
[SourceVersion "1"]
[SourceVersionDate "2007.07.04"]
[SourceQuality "1"]

1. e4 e5 2. Nf3 Nc6 3. d4 exd4 4. Bc4 Bc5 5. 0-0 d6 6. c3 dxc3 7. Nxc3 Nf6 8. Bg5 h6 9. Bh4 g5 10. Bg3 Be6 11. Bb5 Bd7 12. Rc1 Qe7 13. Nd5 Nxd5 14. exd5 Ne5 15. Bxd7+ Kxd7 16. Bxe5 dxe5 17. Nxe5+ Qxe5 18. Rxc5 Qxb2 19. Qa4+ Kd6 20. Rb5 Qf6 21. Rxb7 Kxd5 22. Qd7+ Ke5 23. Rb5+ Ke4 24. Qd5+ Kf4 25. Qf3# 1-0

[Event "Novi Becej op 25th"]
[Site "Novi Becej"]
[Date "2007.06.11"]
[Round "3"]
[White "Kaposztas, Miklos"]
[Black "Kovacic, Vlastimir"]
[Result "1-0"]
[WhiteElo "2227"]
[BlackElo "2099"]
[PlyCount "111"]
[EventDate "2007.06.09"]
[EventType "swiss"]
[EventRounds "9"]
[EventCountry "YUG"]
[SourceTitle "CBM 118 Extra"]
[Source "ChessBase"]
[SourceDate "2007.07.04"]
[SourceVersion "1"]
[SourceVersionDate "2007.07.04"]
[SourceQuality "1"]

1. c4 Nf6 2. Nc3 e5 3. g3 g6 4. Bg2 Bg7 5. e3 d6 6. Nge2 Nc6 7. 0-0 0-0 8. d4 Rb8 9. b3 a6 10. Bb2 Bd7 11. Rc1 Re8 12. dxe5 Nxe5 13. h3 b5 14. cxb5 axb5 15. Nb1 Bc8 16. Bxe5 Rxe5 17. Nd4 Bd7 18. Nc6 Bxc6 19. Rxc6 Rc5 20. Qd2 Rxc6 21. Bxc6 b4 22. Bg2 Nd7 23. Rc1 Nc5 24. Rc4 Qf6 25. Qc2 Qa1 26. Kh2 Rb6 27. Rf4 Be5 28. Rf3 Ne6 29. Nd2 Qc3 30. Qd1 Ng5 31. Nc4 Nxf3+ 32. Bxf3 Ra6 33. Qe2 Ra7 34. Bd5 Bg7 35. Kg2 Qa1 36. Qf3 Qf6 37. Qe2 Qf5 38. e4 Qd7 39. Ne3 c6 40. Bc4 Ra5 41. Qd2 Bc3 42. Qc2 Ra3 43. Nd1 Bd4 44. Qd2 Qa7 45. Qxb4 Bc5 46. Qe1 Qb7 47. Qd2 Bb4 48. Qe2 Qa7 49. h4 Rxa2 50. Qf3 Rd2 51. h5 Qd7 52. Ne3 Bc5 53. Ng4 Qa7 54. Qf6 Bd4 55. Qd8+ Kg7 56. h6# 1-0

[Event "Backa Palanka op 3rd"]
[Site "Backa Palanka"]
[Date "2002.05.02"]
[Round "1"]
[White "Todorovic, Goran M"]
[Black "Kovacic, Vlastimir"]
[Result "1-0"]
[WhiteElo "2487"]
[BlackElo "2198"]
[PlyCount "41"]
[EventDate "2002.05.02"]
[EventType "swiss"]
[EventRounds "9"]
[EventCountry "YUG"]
[SourceTitle "CBM 088 Extra"]
[Source "ChessBase"]
[SourceDate "2002.07.01"]
[SourceVersion "2"]
[SourceVersionDate "2002.07.01"]
[SourceQuality "1"]

1. e4 c5 2. Nf3 Nc6 3. Nc3 Nf6 4. Bb5 a6 5. Bxc6 dxc6 6. d3 Bg4 7. h3 Bxf3 8. Qxf3 g6 9. Be3 Qa5 10. 0-0 Bg7 11. Qe2 0-0 12. f4 Nh5 13. Qf2 Qb4 14. e5 Qxb2 15. Ne4 f5 16. Nxc5 Bh6 17. a4 Qb4 18. Rab1 Qa5 19. Bd2 Qc7 20. Rxb7 Qc8 21. Qh4 1-0